Responses for show #7200 - Friday, December 25, 2015

Alex uses a cane during the closing credits chat.

Contestants

[<< previous game]

Dee Daigle, a substitute teacher from Hebron, Connecticut

Emily Poole, a musician from Hendersonville, North Carolina

Markus Kolic, a database developer and stay-at-home dad from Dighton, Massachusetts (whose 1-day cash winnings total $15,300)

[next game >>]

Jeopardy! Round responses

THE SIMPSONS EPISODE TITLES
THE SQUIRREL FAMILY
SUV SHOPPING
(Alex: We'll give you the model, you give us the make.)
KIDDY LIT
"BAM"! "POW!"
BREWING BEER
(Sarah: From the Malting & Brewing Science Program at UC Davis, the craft and science that go into a cold one.)
    $200 1
Homer

Emily
    $200 26
rodent

Emily
    $200 21
Chevrolet

Markus
    $200 3
Peter Pan

Markus
    $200 16
powder

Dee
    $200 10
(Emily: What is hops?)

malt

MarkusEmily
    $400 2
Krusty

Dee
    $400 27
groundhog (or woodchuck)

Emily
    $400 22
Ford

Emily
    $400 4
The Cat in the Hat

Emily
    $400 17
bamboozle

Markus
    $400 12
(Alex: [*], now's the time for that.)

hops

Markus
    $600 8
Springfield

Markus
    $600 28
treasurer

Triple Stumper
    $600 23
(Dee: What is Chevy?)

Nissan

EmilyDee
    $600 6
Henry Winkler

Emily
    $600 18
power trip

Emily
    $600 13
wort

Markus
    $800 9
Apu

Dee
    $800 29
flying squirrel

Emily
    $800 24
Mitsubishi

Markus
    $800 5
Walkabout

Triple Stumper
    $800 19
the Bambino

Dee
    $800 14
copper

Markus
    $1000 11
(Alex: Yes, "The Bonfire of the [*]". I love that one.)

manatees

Dee
    $1000 30
flickertail

Triple Stumper
    $1000 25
Porsche

Emily
    $1000 7
a Heffalump

Dee
    $1000 20
(Emily: Oh no. Oh no, it's gone.)
(Alex: Oh, darn.)

Bamako

MarkusEmily
    $2,800 15
(Markus: What are lagers and...)
(Alex: Ooh, hurry.)
(Markus: ...porters?)
(Alex: Oh, no. What are [*] and [**]?)
(Markus: Ah!)
(Alex: [**]. All right, no big loss.)

lagers & ales

Markus

Scores at the first commercial break (after clue 15):

Markus Emily Dee
$0 $1,000 $3,200

Scores at the end of the Jeopardy! Round:

Markus Emily Dee
$2,400 $4,000 $3,600

Double Jeopardy! Round responses

THE LARGEST COUNTRY...
(Alex: We'll give you some information about that.)
MOVING PICTURES
LIBRARIES
(Alex: Hey...)
WHAT HAPPENED WHEN?
ART & ARTISTS
(Alex: And each correct response...)
STARTS WITH A FRUIT
    $400 30
(Markus: What is Brazil?)
(Emily: What is Australia?)

Canada

MarkusEmilyDee
    $400 17
Priscilla

Markus
    $400 26
(University of) Michigan

Markus
    $400 24
insulin

Dee
    $400 8
the Monitor & the Merrimack

Markus
    $400 3
figuratively

Dee
    $5,000 29
Australia

Markus
    $800 16
motorcycles

Dee
    $800 28
Vatican Library

Markus
    $800 25
May 5

Dee
    $800 23
Sir Joshua Reynolds

Triple Stumper
    $800 4
applet

Emily
    $1200 18
Germany

Markus
    $1200 13
The Transporter

Emily
    $1200 10
Wren Library

Markus
    $1200 1
Oliver Hazard Perry

Triple Stumper
    $1200 21
(Dee: Who is Picasso?)

Salvador Dali

MarkusDee
    $1200 5
raising

Emily
    $1600 19
Nigeria

Triple Stumper
    $1600 14
(Alex: They were [*].)

Running on Empty

Triple Stumper
    $1600 11
(Alex: Who spoke there, yes.)

Winston Churchill

Markus
    $1600 2
Will Rogers

Dee
    $1600 22
(Jan) Vermeer

Dee
    $1600 6
limestone

Dee
    $2000 20
(Emily: Oh no. What is Ecuador?)

Guatemala

Emily
Triple Stumper
    $2000 15
(Alex: And the actress was [*].)

Uma Thurman

Triple Stumper
    $2000 12
Widener Library

Markus
    $2,800 9
Dred Scott

Markus
    $2000 27
Monet

Emily
    $2000 7
plump

Emily

Scores at the end of the Double Jeopardy! Round:

Markus Emily Dee
$19,000 $8,800 $10,000

[wagering suggestions for these scores]

Final Jeopardy! Round responses

PLAYWRIGHTS
(Alex: A Doll's House is the play.)
EmilyWho is Ionesco Albee?
$8,799
DeeWho is Ibsen
$9,001
MarkusWho is Eugene O'Neill?
$1,001
Henrik Ibsen

Final scores:

Markus Emily Dee
$17,999 $1 $19,001
2nd place: $2,000 3rd place: $1,000 New champion: $19,001

Game dynamics:

Coryat scores:

Markus Emily Dee
$16,800 $8,800 $10,000
21 R
(including 2 DDs),
2 W
(including 1 DD)
15 R,
4 W
14 R,
2 W

Combined Coryat: $35,600

The J! Archive is created by fans, for fans. The Jeopardy! game show and all elements thereof, including but not limited to copyright and trademark thereto, are the property of Jeopardy Productions, Inc. and are protected under law. This website is not affiliated with, sponsored by, or operated by Jeopardy Productions, Inc. Join the discussion at JBoard.tv.